[Event "Mittelrhein Verbandsliga Ost 1415"]
[Site "Mittelrhein"]
[Date "2015.02.22"]
[Round "8.7"]
[White "Hild, Detlef"]
[Black "Weber, Bernhard1111"]
[Result "1-0"]
[WhiteElo "1869"]
[BlackElo "1809"]
[PlyCount "77"]
[EventDate "2014.09.07"]
[EventType "team-tourn"]
[EventRounds "11"]
[EventCountry "GER"]
[SourceTitle "EXT 2023"]
[Source "ChessBase"]
[SourceDate "2022.10.05"]
[SourceVersion "1"]
[SourceVersionDate "2022.10.05"]
[SourceQuality "1"]
[WhiteTeam "Siegburg"]
[BlackTeam "Siebengebirge"]
[WhiteTeamCountry "GER"]
[BlackTeamCountry "GER"]

1. e4 e6 2. d4 d5 3. Nd2 Nc6 4. Ngf3 Nf6 5. e5 Nd7 6. b3 f6 7. Bb2 fxe5 8. dxe5 Bc5 9. Bd3 0-0 10. 0-0 a5 11. a3 Ncb8 12. c4 c6 13. Qc2 h6 14. Qd1 b6 15. Bb1 Rf7 16. Bg6 Re7 17. Bc2 Nf8 18. Ne4 Rb7 19. Qd3 Be7 20. Ng3 Bd7 21. Ne2 Be8 22. Nf4 Bf7 23. Rac1 Nbd7 24. Rfe1 b5 25. cxd5 cxd5 26. Nd4 Nc5 27. Qh3 Qb6 28. Qg4 Rc7 29. Nxd5 exd5 30. e6 Be8 31. Nxb5 Bg5 32. Nxc7 Qxc7 33. e7 Nfd7 34. b4 axb4 35. axb4 Rb8 36. Qf5 g6 37. Qxd5+ Kh7 38. Bb3 Nf6 39. Bxf6 1-0

[Event "Mittelrhein Verbandsliga Ost 1415"]
[Site "Mittelrhein"]
[Date "2014.10.19"]
[Round "3.5"]
[White "Pilgram, Alexander"]
[Black "Hild, Detlef"]
[Result "1-0"]
[WhiteElo "2009"]
[BlackElo "1885"]
[PlyCount "37"]
[EventDate "2014.09.07"]
[EventType "team-tourn"]
[EventRounds "11"]
[EventCountry "GER"]
[SourceTitle "EXT 2023"]
[Source "ChessBase"]
[SourceDate "2022.10.05"]
[SourceVersion "1"]
[SourceVersionDate "2022.10.05"]
[SourceQuality "1"]
[WhiteTeam "Koeln Porz III"]
[BlackTeam "Siegburg"]
[WhiteTeamCountry "GER"]
[BlackTeamCountry "GER"]

1. e4 e6 2. d4 d5 3. exd5 exd5 4. c4 Nf6 5. Nc3 Nc6 6. Nf3 Be7 7. h3 0-0 8. Bg5 Re8 9. Be2 dxc4 10. 0-0 Na5 11. d5 b6 12. Ne5 Bb7 13. Bf3 Rc8 14. Re1 Nxd5 15. Bxd5 Bxg5 16. Nxf7 Rxe1+ 17. Qxe1 Qf6 18. Nxg5+ Bxd5 19. Nxd5 1-0

[Event "Mittelrhein Verbandsliga-O 1112"]
[Site "Germany"]
[Date "2012.05.06"]
[Round "10"]
[White "Hild, Detlef"]
[Black "Loetzerich, Rolf"]
[Result "1-0"]
[WhiteElo "1966"]
[BlackElo "1993"]
[PlyCount "131"]
[EventDate "2011.09.18"]
[EventType "team-tourn"]
[EventRounds "11"]
[EventCountry "GER"]
[SourceTitle "EXT 2013"]
[Source "ChessBase"]
[SourceDate "2012.11.22"]
[SourceVersion "1"]
[SourceVersionDate "2012.11.22"]
[SourceQuality "1"]
[WhiteTeam "Siegburg"]
[BlackTeam "Freibauer Eikamp"]
[WhiteTeamCountry "GER"]
[BlackTeamCountry "GER"]

1. Nf3 Nf6 2. c4 c6 3. g3 d5 4. b3 g6 5. Bg2 Bg7 6. 0-0 0-0 7. Bb2 Qb6 8. Na3 Nbd7 9. Rc1 e6 10. Rc2 Qa5 11. Qa1 Ne8 12. Bxg7 Nxg7 13. Nb1 dxc4 14. bxc4 Qc7 15. Nc3 Ne5 16. Ne4 Nxf3+ 17. Bxf3 f5 18. Nc5 e5 19. Bg2 Rb8 20. e3 Re8 21. d4 e4 22. Rd1 b6 23. Nb3 Ba6 24. Bf1 Red8 25. Qc1 Qe7 26. d5 c5 27. a4 Ne8 28. Qa3 Ra8 29. Rb1 Nd6 30. Nd2 Rdb8 31. Rcb2 Qc7 32. Rb3 Rb7 33. Qb2 Qg7 34. Qa3 Qc7 35. Qc1 Rab8 36. R1b2 Qg7 37. Qa1 Qc7 38. Rc2 Qg7 39. Qc1 Qe7 40. Ra3 Rc7 41. Nb3 Rbc8 42. Be2 Qf8 43. Qf1 Rb8 44. Raa2 Qf7 45. Rab2 Qf8 46. a5 b5 47. cxb5 Bxb5 48. Rxc5 Rcb7 49. Nd4 Bxe2 50. Rxe2 Nf7 51. Rc1 Ne5 52. Nc6 Nf3+ 53. Kg2 Rc8 54. Rec2 Rbc7 55. Qc4 Kg7 56. Qc3+ Kh6 57. Qb4 Qe8 58. Nd4 Rxc2 59. Rxc2 Rxc2 60. Nxc2 Qc8 61. Nd4 Qc1 62. Nxf3 exf3+ 63. Kxf3 Qh1+ 64. Ke2 Qxd5 65. Qf4+ Kg7 66. Qd4+ 1-0

[Event "Mittelrhein Verbandsliga-O 1112"]
[Site "Germany"]
[Date "2012.02.05"]
[Round "6"]
[White "Hild, Detlef"]
[Black "Hartmann, Valeri"]
[Result "1-0"]
[WhiteElo "1966"]
[BlackElo "1854"]
[PlyCount "51"]
[EventDate "2011.09.18"]
[EventType "team-tourn"]
[EventRounds "11"]
[EventCountry "GER"]
[SourceTitle "EXT 2013"]
[Source "ChessBase"]
[SourceDate "2012.11.22"]
[SourceVersion "1"]
[SourceVersionDate "2012.11.22"]
[SourceQuality "1"]
[WhiteTeam "Siegburg"]
[BlackTeam "Erftstadt SV"]
[WhiteTeamCountry "GER"]
[BlackTeamCountry "GER"]

1. Nf3 d5 2. g3 Nf6 3. b3 e6 4. Bb2 Be7 5. c4 dxc4 6. bxc4 0-0 7. Bg2 Nbd7 8. 0-0 c5 9. Nc3 a6 10. e3 Qc7 11. Qc2 Nb6 12. a4 Rd8 13. a5 Nbd7 14. d4 Nb8 15. Na4 Nbd7 16. Rfb1 Rb8 17. Bc3 h6 18. Rb3 Ne4 19. Be1 Nd6 20. Rc1 Bf6 21. d5 e5 22. e4 Re8 23. Bc3 b5 24. axb6 Nxb6 25. Nxb6 Rxb6 26. Ba5 1-0

[Event "Regionalliga NW 0910"]
[Site "Bayern"]
[Date "2009.11.29"]
[Round "3.4"]
[White "Shashkin, Igor"]
[Black "Hild, Detlef"]
[Result "1-0"]
[WhiteElo "2067"]
[BlackElo "1978"]
[PlyCount "57"]
[EventDate "2009.10.18"]
[EventType "team-tourn"]
[EventRounds "9"]
[EventCountry "GER"]
[SourceTitle "EXT 2011"]
[Source "ChessBase"]
[SourceDate "2010.11.26"]
[SourceVersion "1"]
[SourceVersionDate "2010.11.26"]
[SourceQuality "1"]
[WhiteTeam "Hof"]
[BlackTeam "Nordhalben"]
[WhiteTeamCountry "GER"]
[BlackTeamCountry "GER"]

1. e4 e6 2. d4 d5 3. Nc3 Bb4 4. e5 Ne7 5. a3 Bxc3+ 6. bxc3 c5 7. Qg4 Qc7 8. Bd2 Nbc6 9. Nf3 Bd7 10. Qxg7 0-0-0 11. Qh6 Qb6 12. dxc5 Qb2 13. Rc1 Nf5 14. Qf4 Qxa3 15. Bd3 f6 16. 0-0 Rdf8 17. exf6 Rxf6 18. Ne5 Qxc5 19. Nxc6 Bxc6 20. Qe5 Rg6 21. Bf4 Qb6 22. Rb1 Qa5 23. Ra1 Qb6 24. Rfb1 Rhg8 25. Rxb6 Rxg2+ 26. Kf1 R8g7 27. Rxc6+ bxc6 28. Qb8+ Kd7 29. Rxa7# 1-0

[Event "Regionalliga NW 0809"]
[Site "Bayern"]
[Date "2009.02.01"]
[Round "6.3"]
[White "Hild, Detlef"]
[Black "Kuhn, Tobias"]
[Result "0-1"]
[WhiteElo "2050"]
[BlackElo "2053"]
[PlyCount "92"]
[EventDate "2008.10.05"]
[EventType "team-tourn"]
[EventRounds "9"]
[EventCountry "GER"]
[SourceTitle "EXT 2020"]
[Source "ChessBase"]
[SourceDate "2019.10.17"]
[SourceVersion "1"]
[SourceVersionDate "2019.10.17"]
[SourceQuality "1"]
[WhiteTeam "Nordhalben"]
[BlackTeam "Klingenberg"]
[WhiteTeamCountry "GER"]
[BlackTeamCountry "GER"]

1. Nf3 d5 2. g3 Nf6 3. Bg2 c6 4. b3 Bg4 5. Bb2 Nbd7 6. d3 e6 7. Nbd2 Bd6 8. c4 0-0 9. 0-0 e5 10. h3 Bh5 11. Nh4 Re8 12. Nf5 Bf8 13. cxd5 cxd5 14. Nf3 Qb6 15. Qd2 Bxf3 16. Bxf3 Rac8 17. Rfc1 Kh8 18. g4 Qe6 19. Qa5 Bc5 20. Qb5 a6 21. Qxb7 Rc6 22. b4 Rb8 23. Qxb8+ Nxb8 24. bxc5 Nbd7 25. Ba3 g6 26. Ne3 h6 27. Rab1 Rc7 28. Rc2 Kh7 29. Bg2 Qc6 30. Rcb2 Qa4 31. Bb4 a5 32. c6 axb4 33. cxd7 Rxd7 34. Nc2 g5 35. Nxb4 Kg6 36. Nc2 h5 37. Ne3 hxg4 38. hxg4 Qf4 39. Bf3 e4 40. dxe4 dxe4 41. Rb4 Qc7 42. Bxe4+ Nxe4 43. Rxe4 f6 44. Re6 Rh7 45. Rxf6+ Kg7 46. Rfb6 Qh2+ 0-1

[Event "Regionalliga NW 0708"]
[Site "Bayern"]
[Date "2008.04.20"]
[Round "9.3"]
[White "Heimerdinger, Joerg"]
[Black "Hild, Detlef"]
[Result "0-1"]
[WhiteElo "2067"]
[BlackElo "2023"]
[PlyCount "88"]
[EventDate "2007.10.21"]
[EventType "team-tourn"]
[EventRounds "9"]
[EventCountry "GER"]
[SourceTitle "EXT 2009"]
[Source "ChessBase"]
[SourceDate "2008.11.26"]
[SourceVersion "1"]
[SourceVersionDate "2008.11.26"]
[SourceQuality "1"]
[WhiteTeam "Bindlach III"]
[BlackTeam "Nordhalben"]
[WhiteTeamCountry "GER"]
[BlackTeamCountry "GER"]

1. e4 c5 2. Nf3 Nc6 3. Bb5 g6 4. Bxc6 dxc6 5. 0-0 Bg7 6. h3 Nf6 7. Nc3 0-0 8. d3 b6 9. e5 Nd5 10. Ne4 Qc7 11. c4 Nb4 12. a3 Na6 13. Bf4 Rd8 14. Qe2 Qd7 15. Rad1 Nc7 16. Qe3 Ne6 17. Rfe1 Nxf4 18. Qxf4 Qf5 19. Qh4 f6 20. Re3 g5 21. Qg3 Qf4 22. b3 Bf5 23. exf6 exf6 24. Qxf4 gxf4 25. Ree1 h5 26. d4 cxd4 27. Rxd4 Bh7 28. Nd6 Bc2 29. b4 a5 30. c5 bxc5 31. bxc5 Rab8 32. Rc1 Bb3 33. Nd2 Bd5 34. Rd3 Bf8 35. N2c4 a4 36. Rcc3 Rb1+ 37. Kh2 Rdb8 38. Rd4 R8b3 39. Rxb3 axb3 40. Nb6 Rc1 41. Nxd5 cxd5 42. Rb4 Rxc5 43. Nb7 Rc3 44. Rb5 Bxa3 0-1

[Event "Regionalliga NW 0708"]
[Site "Bayern"]
[Date "2008.01.20"]
[Round "5.3"]
[White "Kraich, Klaus"]
[Black "Hild, Detlef"]
[Result "1-0"]
[WhiteElo "2059"]
[BlackElo "2023"]
[PlyCount "61"]
[EventDate "2007.10.21"]
[EventType "team-tourn"]
[EventRounds "9"]
[EventCountry "GER"]
[SourceTitle "EXT 2009"]
[Source "ChessBase"]
[SourceDate "2008.11.26"]
[SourceVersion "1"]
[SourceVersionDate "2008.11.26"]
[SourceQuality "1"]
[WhiteTeam "Klingenberg"]
[BlackTeam "Nordhalben"]
[WhiteTeamCountry "GER"]
[BlackTeamCountry "GER"]

1. e4 e6 2. Qe2 b6 3. g3 Bb7 4. Bg2 Nf6 5. d3 d5 6. e5 Nfd7 7. f4 Be7 8. Nf3 c5 9. c4 0-0 10. Nc3 dxc4 11. dxc4 Nc6 12. Be3 f6 13. 0-0-0 Qc8 14. Bh3 f5 15. Rhg1 Nd4 16. Nxd4 cxd4 17. Bxd4 Ba6 18. Bf1 Nc5 19. Kb1 Bb7 20. g4 Ne4 21. gxf5 exf5 22. Nd5 Bc5 23. Bg2 b5 24. Bxe4 fxe4 25. Qg2 g6 26. Qxe4 Bxd4 27. Rxg6+ Kh8 28. Rh6 Qf5 29. Qxf5 Rxf5 30. Rxd4 bxc4 31. Nf6 1-0

[Event "Regionalliga NW 0506"]
[Site "Bayern"]
[Date "2006.04.02"]
[Round "9.3"]
[White "Schwarzmann, Tobias"]
[Black "Hild, Detlef"]
[Result "0-1"]
[WhiteElo "1882"]
[BlackElo "2030"]
[PlyCount "100"]
[EventDate "2005.10.23"]
[EventType "team-tourn"]
[EventRounds "9"]
[EventCountry "GER"]
[SourceTitle "EXT 2007"]
[Source "ChessBase"]
[SourceDate "2006.11.23"]
[SourceVersion "1"]
[SourceVersionDate "2006.11.23"]
[SourceQuality "1"]

1. c4 c5 2. Nc3 Nc6 3. Nf3 g6 4. g3 Bg7 5. Bg2 e6 6. e3 Nge7 7. d4 cxd4 8. Nxd4 d5 9. cxd5 exd5 10. 0-0 0-0 11. b3 Nf5 12. Nce2 Nfxd4 13. Nxd4 Nxd4 14. exd4 Bf5 15. Be3 Qa5 16. Rc1 b6 17. g4 Be6 18. Qe2 Rac8 19. f4 Rfe8 20. Bh3 Bd7 21. Qf2 Qb4 22. Rxc8 Bxc8 23. Kh1 Ba6 24. Rc1 Qe7 25. Rc3 b5 26. b4 Qxb4 27. Rb3 Qe7 28. Bf1 Qd7 29. f5 Qe7 30. Qf3 Qe4 31. Qxe4 Rxe4 32. fxg6 hxg6 33. Bg2 Rxg4 34. Bxd5 Rh4 35. Bf2 Rf4 36. Rf3 Rxf3 37. Bxf3 Bc8 38. d5 a5 39. Bc5 Bf8 40. d6 Bd7 41. Kg2 Kg7 42. Kg3 Kf6 43. Bg4 Bxg4 44. Kxg4 Ke6 45. d7 Be7 46. Bb6 Kxd7 47. Bxa5 Ke6 48. Bc3 Bd6 49. h3 Be5 50. Bb4 Kd5 0-1

[Event "Regionalliga NW 0506"]
[Site "Bayern"]
[Date "2006.02.19"]
[Round "7.3"]
[White "Lutz, Peter"]
[Black "Hild, Detlef"]
[Result "1/2-1/2"]
[WhiteElo "1910"]
[BlackElo "1998"]
[PlyCount "34"]
[EventDate "2005.10.23"]
[EventType "team-tourn"]
[EventRounds "9"]
[EventCountry "GER"]
[SourceTitle "EXT 2007"]
[Source "ChessBase"]
[SourceDate "2006.11.23"]
[SourceVersion "1"]
[SourceVersionDate "2006.11.23"]
[SourceQuality "1"]

1. d4 Nf6 2. c4 g6 3. Nc3 d5 4. cxd5 Nxd5 5. e4 Nxc3 6. bxc3 Bg7 7. Bc4 0-0 8. Ne2 c5 9. Be3 cxd4 10. cxd4 Nc6 11. Rc1 Na5 12. Bd3 b6 13. Qd2 Bb7 14. 0-0 Qd7 15. f4 Rac8 16. f5 Rxc1 17. Rxc1 gxf5 1/2-1/2

[Event "Regionalliga NW 0506"]
[Site "Bayern"]
[Date "2006.01.29"]
[Round "6.3"]
[White "Hild, Detlef"]
[Black "Stauch, Edgar"]
[Result "1/2-1/2"]
[WhiteElo "1998"]
[BlackElo "2081"]
[PlyCount "31"]
[EventDate "2005.10.23"]
[EventType "team-tourn"]
[EventRounds "9"]
[EventCountry "GER"]
[SourceTitle "EXT 2007"]
[Source "ChessBase"]
[SourceDate "2006.11.23"]
[SourceVersion "1"]
[SourceVersionDate "2006.11.23"]
[SourceQuality "1"]

1. Nf3 Nf6 2. g3 g6 3. Bg2 Bg7 4. 0-0 0-0 5. d4 d6 6. c4 Nc6 7. Nc3 a6 8. Re1 Rb8 9. Rb1 e5 10. h3 exd4 11. Nxd4 Nxd4 12. Qxd4 Ng4 13. Qa7 Bf5 14. e4 Ra8 15. Qxb7 Rb8 16. Qxa6 1/2-1/2

[Event "Regionalliga NW 0506"]
[Site "Bayern"]
[Date "2005.10.23"]
[Round "1.3"]
[White "Hild, Detlef"]
[Black "Kopp, Andre"]
[Result "1/2-1/2"]
[WhiteElo "1998"]
[BlackElo "2155"]
[PlyCount "67"]
[EventDate "2005.10.23"]
[EventType "team-tourn"]
[EventRounds "9"]
[EventCountry "GER"]
[SourceTitle "EXT 2007"]
[Source "ChessBase"]
[SourceDate "2006.11.23"]
[SourceVersion "1"]
[SourceVersionDate "2006.11.23"]
[SourceQuality "1"]

1. b3 e5 2. Bb2 Nc6 3. Nf3 e4 4. Nd4 Nf6 5. e3 d5 6. c4 Nxd4 7. Bxd4 c6 8. Nc3 Be7 9. cxd5 cxd5 10. Bb5+ Bd7 11. 0-0 0-0 12. Rc1 Be6 13. f3 a6 14. Be2 Rc8 15. d3 exd3 16. Qxd3 Qd7 17. Na4 Rxc1 18. Rxc1 Rc8 19. Qd2 Qd8 20. Nc5 Rc7 21. Nd3 Nd7 22. Kf2 Qc8 23. Rxc7 Qxc7 24. Qc3 Qxh2 25. Bf1 Bf6 26. Qc8+ Nf8 27. Qxb7 Bxd4 28. exd4 Qh4+ 29. Ke3 Qg5+ 30. Ke2 a5 31. Qb6 Qf6 32. Ke3 Qg5+ 33. Ke2 Qf6 34. Ke3 1/2-1/2

[Event "Regionalliga NW 0405"]
[Site "Bayern"]
[Date "2005.01.16"]
[Round "5.6"]
[White "Schleupner, Kurt"]
[Black "Hild, Detlef"]
[Result "0-1"]
[WhiteElo "2020"]
[BlackElo "1929"]
[PlyCount "54"]
[EventDate "2004.10.24"]
[EventType "team-tourn"]
[EventRounds "9"]
[EventCountry "GER"]
[SourceTitle "EXT 2007"]
[Source "ChessBase"]
[SourceDate "2006.11.23"]
[SourceVersion "1"]
[SourceVersionDate "2006.11.23"]
[SourceQuality "1"]
[WhiteTeam "Hof"]
[BlackTeam "Nordhalben"]
[WhiteTeamCountry "GER"]
[BlackTeamCountry "GER"]

1. e4 c5 2. Nf3 Nc6 3. d4 cxd4 4. Nxd4 g6 5. c4 Bg7 6. Be3 Nf6 7. Nc3 0-0 8. Be2 d6 9. 0-0 Nxd4 10. Bxd4 Nd7 11. Kh1 Bxd4 12. Qxd4 Qb6 13. Qd2 Nc5 14. f3 Be6 15. b3 Rfc8 16. Rfe1 Qb4 17. Red1 a5 18. Rab1 Rcb8 19. Qc2 a4 20. Nb5 Rc8 21. a3 axb3 22. axb4 bxc2 23. bxc5 Rxc5 24. Rdc1 cxb1Q 25. Rxb1 Bxc4 26. Nd4 Bxe2 27. Nxe2 Ra2 0-1